MARC

LEADER 00000nam0a2200000 4500
001 342252
005 20231102005431.0
035 |a (RuTPU)RU\TPU\book\370943 
090 |a 342252 
100 |a 20190115d1972 m y0rusy50 ca 
101 0 |a rus 
102 |a RU 
105 |a c z 000zy 
200 1 |a На сцене и за кулисами  |f Л. А. Баландин  |g под ред. Д. Г. Селькиной 
210 |a Новосибирск  |c Западно-Сибирское книжное издательство  |d 1972 
215 |a 303 с.  |c портр. 
606 1 |a Театр  |2 stltpush  |3 (RuTPU)RU\TPU\subj\58738  |9 76490 
610 1 |a театральная жизнь 
610 1 |a Новосибирск 
610 1 |a история 
675 |a 792  |v 4 
700 1 |a Баландин  |b Л. А.  |g Лоллий Александрович  |4 070 
702 1 |a Селькина  |b Д. Г.  |4 340 
801 1 |a RU  |b 63413507  |c 20190115 
801 2 |a RU  |b 63413507  |c 20201210  |g RCR 
942 |c BK